|
|
|
|
| LEADER |
01465nam a2200349 a 4500 |
| 001 |
632 |
| 003 |
BD-DhAAL |
| 005 |
20150416120637.0 |
| 008 |
150416s1985 mnuc j b 001 0beng |
| 010 |
|
|
|a 84023042
|
| 020 |
|
|
|a 0875182925
|
| 040 |
|
|
|a DLC
|c DLC
|d DLC
|d BD-DhAAL
|
| 050 |
0 |
0 |
|a KF8745.O25
|b W66 1985
|
| 082 |
0 |
0 |
|a 347.73/2634
|a B
|a 347.3073534
|a B
|a 92
|2 19
|
| 100 |
1 |
|
|a Woods, Harold.
|9 10489
|
| 245 |
1 |
0 |
|a Equal justice :
|b a biography of Sandra Day O'Connor /
|c Harold and Geraldine Woods.
|
| 260 |
|
|
|a Minneapolis, Minn. :
|b Dillon Press,
|c c1985.
|
| 300 |
|
|
|a 127 p. :
|b ports. ;
|c 24 cm.
|
| 500 |
|
|
|a Includes index.
|
| 504 |
|
|
|a Bibliography: p. [123]-124.
|
| 520 |
|
|
|a A biography of Sandra Day O'Connor, the first woman Supreme Court justice, which includes her childhood, her early legal career, and her life since her appointment.
|
| 541 |
|
|
|e 632
|
| 600 |
1 |
0 |
|a O'Connor, Sandra Day,
|d 1930-
|x Juvenile literature.
|9 10490
|
| 600 |
1 |
1 |
|a O'Connor, Sandra Day,
|d 1930-
|9 10491
|
| 610 |
1 |
1 |
|a United States.
|b Supreme Court
|x Biography.
|9 10492
|
| 650 |
|
0 |
|a Judges
|z United States
|x Biography
|x Juvenile literature.
|9 10493
|
| 650 |
|
1 |
|a Judges.
|9 5884
|
| 650 |
|
1 |
|a Women
|x Biography.
|9 10494
|
| 700 |
1 |
|
|a Woods, Geraldine.
|9 10495
|
| 942 |
|
|
|2 ddc
|c BK
|
| 999 |
|
|
|c 34256
|d 34256
|
| 952 |
|
|
|0 0
|1 0
|2 ddc
|4 0
|6 347_732634000000000_WOO
|7 0
|9 53479
|a SCL
|b SCL
|c GEN
|d 2015-04-16
|e Gift: The Asia Foundation
|l 0
|o 347.732634 WOO
|p 3020000632
|r 2015-04-16
|t 1
|w 2015-04-16
|y BK
|